000 00616cam a2200217 4500
001 sa 68012141
003 DLC
005 20260227112607.0
008 691030s1967 ii 00000 eng
010 _asa 68012141 //r88
025 _aPL480:I-E-9893
050 0 _aJX1840
_b.A37 1967
082 _a354.54/008/2
110 1 0 _aIndia.
_bDirectorate of Commercial Publicity.
245 1 0 _aManual of instructions to commercial representatives abroad.
260 0 _aNew Delhi,
_c1967.
300 _aii, 126 p.
_c25 cm.
350 _aunpriced
650 0 _aCommercial attachés
_zIndia.
651 0 _aIndia
_xCommerce.
999 _c84330
_d84330